| 000 | 00611nam a2200205 i 4500 | ||
|---|---|---|---|
| 001 | 117854 | ||
| 003 | ES-MaACL | ||
| 005 | 20251015063120.0 | ||
| 007 | t| | ||
| 008 | 070214s1922 fr |||| |bfre d | ||
| 080 | _a232.9 | ||
| 100 | 1 |
_aPapini, Giovanni, _d1881-1956 _988874 |
|
| 245 | 1 | 0 |
_aHistoire du Christ / _cGiovanni Papini ; traduction française de Paul-Henri Michel. |
| 260 |
_aParis : _bPayot, _c1922. |
||
| 300 |
_a454 p. ; _c20 cm. |
||
| 600 | 0 | 4 |
_aJesucristo- _xBiografĂas. _9140032 |
| 700 | 1 |
_aMichel, Paul-Henri. _980903 |
|
| 852 |
_aES-MaACL _jF-12813 |
||
| 999 |
_c117854 _d117854 |
||